|
|
|
|
| LEADER |
00000nab a2200000 a 4500 |
| 001 |
vtls008296817 |
| 003 |
SK-MaSNL |
| 005 |
20260303075301.0 |
| 008 |
160322c20050527xo dr|p|||||||000 b|slo |
| 015 |
|
|
|a SNBRB2005/09
|2 snkbucl
|
| 038 |
|
|
|a SNKBUCL
|
| 040 |
|
|
|a SNKBUCL
|b slo
|c SNKBUCL
|e AACR2
|
| 041 |
0 |
|
|a slo
|
| 044 |
|
|
|a xo
|c SK
|
| 080 |
|
|
|a 792.071.2
|2 1997
|
| 080 |
|
|
|a 929 Luknár, Roman
|2 1997
|
| 100 |
1 |
|
|a Dzunková, Denisa
|4 ivr
|4 aut
|9 1056661
|
| 245 |
1 |
0 |
|a Nemôžem čakať, kým sa vybláznime z Mercedesov
|c [rozhovor s] Romanom Luknárom [pripravila] Denisa Dzunková
|
| 300 |
|
|
|b Fotogr.
|
| 500 |
|
|
|a Biogr. údaje
|
| 600 |
1 |
7 |
|a Luknár, Roman,
|d 1965-
|2 snkbucl
|9 98590
|
| 700 |
1 |
|
|a Luknár, Roman,
|d 1965-
|4 ive
|9 98590
|
| 773 |
0 |
|
|t Hospodárske noviny
|g Roč. XIII., č. 102 (27.-29.5.2005)
|x 1335-4701
|
| 773 |
0 |
8 |
|t Civilizácia
|g S. 27
|
| 852 |
|
|
|a SNK
|b KIS3GCP
|
| 958 |
|
|
|a BX
|
| 999 |
|
|
|c 1775111
|d 1777041
|